[Event "FICGS rapid A 000267 email"]
[Site "FICGS email"]
[Date "2021.03.16"]
[Round "1"]
[White "Dineen, Thomas"]
[Black "Gossmann, Ewald J"]
[Result "1-0"]
[WhiteElo "2071"]
[BlackElo "2024"]
[PlyCount "103"]
[EventDate "2021.??.??"]
[EventType "tourn (rapid)"]
[EventRounds "6"]
[SourceTitle "Corr 2022"]
[Source "ChessBase"]
[SourceDate "2021.10.24"]
[SourceVersion "1"]
[SourceVersionDate "2021.10.24"]
[SourceQuality "1"]

1. c4 Nf6 2. Nc3 e5 3. Nf3 Nc6 4. g3 g6 5. a3 Bg7 6. Bg2 0-0 7. 0-0 d6 8. d3 h6 9. b4 Nd4 10. Nd2 c6 11. Bb2 Re8 12. e3 Ne6 13. Rc1 d5 14. cxd5 cxd5 15. Nf3 d4 16. exd4 Nxd4 17. Nxd4 exd4 18. Nb5 Bg4 19. f3 Bf5 20. Nc7 Nd5 21. Nxe8 Ne3 22. Qe2 Qxe8 23. Rfe1 Qd7 24. f4 Re8 25. Bf3 Re6 26. Qd2 h5 27. Rc5 b6 28. Rcc1 Bf6 29. a4 a6 30. a5 Kg7 31. axb6 Rxb6 32. Rc5 Qd6 33. Rec1 Bd7 34. Ba3 Qe6 35. Rc7 h4 36. Qf2 h3 37. Qd2 Bb5 38. R1c5 Rd6 39. Bb2 Ba4 40. Bh1 Bb5 41. Ra7 Qb3 42. Rcc7 Be8 43. Bc1 Qe6 44. Be4 Qg4 45. Bb2 Rb6 46. Rab7 Rxb7 47. Bxb7 Bb5 48. Be4 Nd1 49. Bd5 Be8 50. Ba1 Nc3 51. Rxc3 dxc3 52. Bxc3 1-0

[Event "FICGS class C 000337 email"]
[Site "FICGS email"]
[Date "2021.02.07"]
[Round "1"]
[White "Gossmann, Ewald J"]
[Black "Krakovsky, Peter"]
[Result "1/2-1/2"]
[WhiteElo "2000"]
[BlackElo "1805"]
[PlyCount "91"]
[EventDate "2021.??.??"]
[EventType "tourn (corr)"]
[EventRounds "1"]
[SourceTitle "Corr 2022"]
[Source "ChessBase"]
[SourceDate "2021.10.24"]
[SourceVersion "1"]
[SourceVersionDate "2021.10.24"]
[SourceQuality "1"]

1. d4 d5 2. Nf3 Nf6 3. e3 e6 4. c4 c6 5. Bd3 dxc4 6. Bxc4 c5 7. 0-0 a6 8. dxc5 Qxd1 9. Rxd1 Bxc5 10. Be2 Nbd7 11. Ne1 0-0 12. Nd3 Be7 13. Bf3 Rb8 14. b3 b5 15. Bb2 Bb7 16. Nd2 Rfc8 17. Rac1 Nd5 18. a3 a5 19. g3 f6 20. e4 N5b6 21. Be2 Ba6 22. Ne1 e5 23. Rxc8+ Nxc8 24. Rc1 Kf8 25. Bc3 Bxa3 26. Rc2 Nd6 27. Bxa5 Nb7 28. Bc7 Ra8 29. Nd3 Be7 30. b4 Rc8 31. Nb3 Ke8 32. Ra2 Rxc7 33. Rxa6 Nd8 34. Na5 Nf8 35. Nb2 Bxb4 36. Bxb5+ Ke7 37. Nac4 Bc5 38. Nd3 Nfe6 39. Kg2 g6 40. Na5 Bd4 41. Nb4 Kf8 42. Bc4 Ra7 43. Rxa7 Bxa7 44. Nac6 Bc5 45. Nxd8 Nxd8 46. Nd3 1/2-1/2

[Event "FICGS class C 000288 email"]
[Site "FICGS email"]
[Date "2021.01.13"]
[Round "1"]
[White "Chronopoulos, Antonis"]
[Black "Gossmann, Ewald J"]
[Result "1-0"]
[WhiteElo "2000"]
[BlackElo "2000"]
[PlyCount "79"]
[EventDate "2021.??.??"]
[EventType "tourn (corr)"]
[EventRounds "4"]
[SourceTitle "Corr 2022"]
[Source "ChessBase"]
[SourceDate "2021.10.24"]
[SourceVersion "1"]
[SourceVersionDate "2021.10.24"]
[SourceQuality "1"]

1. d4 Nf6 2. c4 g6 3. Nc3 d5 4. cxd5 Nxd5 5. e4 Nxc3 6. bxc3 Bg7 7. Nf3 c5 8. Be3 Bg4 9. Qd2 0-0 10. Ng5 Qa5 11. Rb1 cxd4 12. cxd4 Nc6 13. Qxa5 Nxa5 14. Be2 Bd7 15. 0-0 Rac8 16. Rfc1 a6 17. f4 Bb5 18. Kf2 Bxe2 19. Kxe2 b5 20. e5 Nc4 21. Ne4 Nb6 22. Kd3 f6 23. g3 Nd5 24. Rc5 Rcd8 25. Ke2 g5 26. Bd2 Nb6 27. Rc6 Rxd4 28. Ke3 Rfd8 29. Rxb6 Rd3+ 30. Ke2 f5 31. Nd6 Rd5 32. Nxf5 Rxd2+ 33. Ke3 gxf4+ 34. gxf4 Rxa2 35. Nxe7+ Kf8 36. Nf5 Ra3+ 37. Ke2 Ra4 38. Rg1 Bh8 39. Rb7 Rxf4 40. Nh6 1-0

[Event "FICGS class C 000288 email"]
[Site "FICGS email"]
[Date "2021.01.13"]
[Round "1"]
[White "Vollmer, Steve"]
[Black "Gossmann, Ewald J"]
[Result "0-1"]
[WhiteElo "1802"]
[BlackElo "2000"]
[PlyCount "58"]
[EventDate "2021.??.??"]
[EventType "tourn (corr)"]
[EventRounds "4"]
[SourceTitle "Corr 2022"]
[Source "ChessBase"]
[SourceDate "2021.10.24"]
[SourceVersion "1"]
[SourceVersionDate "2021.10.24"]
[SourceQuality "1"]

1. d4 f5 2. c4 Nf6 3. Nc3 e6 4. Nf3 b6 5. e3 Bb7 6. Bd3 Bb4 7. 0-0 Bxc3 8. bxc3 0-0 9. Ba3 d6 10. Ng5 Qe7 11. f4 h6 12. Nf3 c5 13. Qe2 Ne4 14. Rac1 Nd7 15. Bxe4 Bxe4 16. Rcd1 Nf6 17. Bb2 Rad8 18. g3 Qe8 19. Nd2 Bb7 20. h3 Rd7 21. Kh2 Re7 22. g4 fxg4 23. hxg4 Qg6 24. Rg1 Qc2 25. Bc1 e5 26. dxe5 dxe5 27. Qf1 exf4 28. exf4 Rfe8 29. Re1 Rxe1 0-1

[Event "FICGS W-ch st1 g01 email"]
[Site "FICGS email"]
[Date "2020.11.05"]
[Round "1"]
[White "Gossmann, Ewald J"]
[Black "Mohandoussaid, Malik"]
[Result "1-0"]
[WhiteElo "1951"]
[BlackElo "1604"]
[PlyCount "47"]
[EventDate "2020.??.??"]
[EventType "tourn (corr)"]
[EventRounds "8"]
[SourceTitle "Corr 2022"]
[Source "ChessBase"]
[SourceDate "2021.10.24"]
[SourceVersion "1"]
[SourceVersionDate "2021.10.24"]
[SourceQuality "1"]

1. e4 c5 2. Nf3 Nc6 3. d4 cxd4 4. Nxd4 e5 5. Nb5 d6 6. c4 Nf6 7. N5c3 Be7 8. Be2 0-0 9. 0-0 Be6 10. Be3 Rc8 11. Na3 a6 12. Rc1 Ne8 13. Qd2 f5 14. exf5 Bxf5 15. Bd3 Qd7 16. Nd5 Bd8 17. Nb1 e4 18. Be2 Nf6 19. Nbc3 Ne5 20. b3 Nxd5 21. Qxd5+ Kh8 22. Nxe4 Bxe4 23. Qxe4 Ng6 24. Rcd1 1-0

[Event "FICGS W-ch st2 g01 email"]
[Site "FICGS email"]
[Date "2020.10.07"]
[Round "1"]
[White "Gossmann, Ewald J"]
[Black "Kireev, Sergey Ivanovich"]
[Result "0-1"]
[WhiteElo "1973"]
[BlackElo "2356"]
[PlyCount "126"]
[EventDate "2020.??.??"]
[EventType "tourn (corr)"]
[EventRounds "8"]
[SourceTitle "Corr 2022"]
[Source "ChessBase"]
[SourceDate "2021.10.24"]
[SourceVersion "1"]
[SourceVersionDate "2021.10.24"]
[SourceQuality "1"]

1. e4 c5 2. Nf3 d6 3. d4 cxd4 4. Nxd4 Nf6 5. Nc3 a6 6. h3 e5 7. Nde2 h5 8. Bg5 Be6 9. g3 Be7 10. Bg2 b5 11. 0-0 Nbd7 12. Re1 Qc7 13. Qd2 0-0 14. Nc1 Rac8 15. Nd3 Nb6 16. Qe2 Rfe8 17. Bxf6 Bxf6 18. Qxh5 Qd7 19. Nb4 g6 20. Qe2 a5 21. Nbd5 Nxd5 22. Nxd5 Bxd5 23. exd5 b4 24. a3 e4 25. axb4 axb4 26. Ra2 Bg7 27. b3 f5 28. Qe3 Qd8 29. Re2 Rc3 30. Qf4 Bd4 31. g4 Qf6 32. Ra4 e3 33. Kf1 Bc5 34. gxf5 Kg7 35. Ra6 Qxf5 36. Qxf5 gxf5 37. Bf3 Rd8 38. fxe3 Bxe3 39. Kg2 Kh6 40. Ra1 Bd4 41. Rf1 Rg8+ 42. Kh1 Rg3 43. Bg2 Kg5 44. Re8 Be5 45. Rf2 f4 46. Rg8+ Kh4 47. Rf8 Rge3 48. R8xf4+ Bxf4 49. Rxf4+ Kg5 50. Rf2 Re5 51. Bf1 Rce3 52. Kg2 Rf5 53. h4+ Kf6 54. h5 Ree5 55. Be2 Rxd5 56. Bf3 Rd4 57. Re2 Rg5+ 58. Kh3 Rf4 59. Re3 d5 60. c3 bxc3 61. Rxc3 d4 62. Rd3 Rg1 63. b4 Kg5 0-1

[Event "FICGS W-ch st2 g01 email"]
[Site "FICGS email"]
[Date "2020.10.07"]
[Round "1"]
[White "Gossmann, Ewald J"]
[Black "Lubas, Jozef"]
[Result "1/2-1/2"]
[WhiteElo "1973"]
[BlackElo "2235"]
[PlyCount "74"]
[EventDate "2020.??.??"]
[EventType "tourn (corr)"]
[EventRounds "8"]
[SourceTitle "Corr 2022"]
[Source "ChessBase"]
[SourceDate "2021.10.24"]
[SourceVersion "1"]
[SourceVersionDate "2021.10.24"]
[SourceQuality "1"]

1. e4 e5 2. Nf3 Nc6 3. Bb5 a6 4. Ba4 Nf6 5. 0-0 Be7 6. Re1 b5 7. Bb3 0-0 8. c3 d6 9. h3 Bb7 10. d3 Na5 11. Bc2 c5 12. Nbd2 Re8 13. Nf1 Qc7 14. Ng3 d5 15. exd5 Bxd5 16. Nf5 Bf8 17. Bg5 Re6 18. Ne3 Bb7 19. a4 Rae8 20. axb5 axb5 21. Bxf6 Rxf6 22. Ng4 Rxf3 23. gxf3 h5 24. Nh2 g6 25. f4 Bh6 26. f5 Bf4 27. fxg6 Bxh2+ 28. Kxh2 e4+ 29. Kg1 e3 30. Rxe3 Rxe3 31. Qxh5 Rg3+ 32. fxg3 Qxg3+ 33. Kf1 Qg2+ 34. Ke1 fxg6 35. Qe2 Qg1+ 36. Kd2 Qg5+ 37. Qe3 Qg2+ 1/2-1/2

[Event "FICGS W-ch st2 g01 email"]
[Site "FICGS email"]
[Date "2020.10.07"]
[Round "1"]
[White "Moreira, Jose"]
[Black "Gossmann, Ewald J"]
[Result "1-0"]
[WhiteElo "2150"]
[BlackElo "1973"]
[PlyCount "107"]
[EventDate "2020.??.??"]
[EventType "tourn (corr)"]
[EventRounds "8"]
[SourceTitle "Corr 2022"]
[Source "ChessBase"]
[SourceDate "2021.10.24"]
[SourceVersion "1"]
[SourceVersionDate "2021.10.24"]
[SourceQuality "1"]

1. e4 c6 2. d4 d5 3. Nc3 dxe4 4. Nxe4 Bf5 5. Ng3 Bg6 6. Nf3 Nd7 7. Bd3 Bxd3 8. Qxd3 e6 9. 0-0 Ngf6 10. Re1 Qc7 11. Nf5 0-0-0 12. Ne3 h6 13. Nc4 g5 14. Bd2 g4 15. Nfe5 Nxe5 16. Nxe5 Bd6 17. Qe2 Rdg8 18. a4 h5 19. a5 h4 20. a6 b6 21. Ra4 h3 22. Rc4 Bxe5 23. dxe5 hxg2 24. Bf4 Nd5 25. Bg3 Ne7 26. Rd1 b5 27. Rf4 Nd5 28. Rxg4 Qb6 29. Rxg8+ Rxg8 30. c4 bxc4 31. Qxc4 Kd7 32. b3 Qb5 33. Kxg2 Kc7 34. h4 Kb6 35. Ra1 Qxc4 36. bxc4 Nb4 37. Kh3 Kc5 38. h5 Kxc4 39. h6 Nd5 40. Kh4 Rh8 41. Kh5 Kb5 42. Bh4 c5 43. Bg5 c4 44. Rg1 c3 45. Rg3 Kxa6 46. Bc1 Kb5 47. Rg7 Nb4 48. Rxf7 Nd3 49. Be3 Nxe5 50. Rc7 Nc4 51. Rb7+ Ka4 52. Rxa7+ Kb3 53. Rb7+ Kc2 54. Bg5 1-0

[Event "FICGS rapid A 000261 email"]
[Site "FICGS email"]
[Date "2020.09.16"]
[Round "1"]
[White "Denisov, Timofey"]
[Black "Gossmann, Ewald J"]
[Result "1-0"]
[WhiteElo "1953"]
[BlackElo "1973"]
[PlyCount "55"]
[EventDate "2020.??.??"]
[EventType "tourn (rapid)"]
[EventRounds "6"]
[SourceTitle "Corr 2022"]
[Source "ChessBase"]
[SourceDate "2021.10.24"]
[SourceVersion "1"]
[SourceVersionDate "2021.10.24"]
[SourceQuality "1"]

1. d4 Nf6 2. c4 g6 3. Nc3 d5 4. cxd5 Nxd5 5. e4 Nxc3 6. bxc3 Bg7 7. Nf3 c5 8. Rb1 0-0 9. Be2 cxd4 10. cxd4 Qa5+ 11. Bd2 Qxa2 12. 0-0 b6 13. Qc1 Bb7 14. Bc4 Qa4 15. Bb5 Qa2 16. Re1 Rc8 17. Qd1 h6 18. Ba4 Qe6 19. Bf4 Qg4 20. Qd2 g5 21. Be5 Rd8 22. Bxg7 Kxg7 23. d5 Kg8 24. Qb4 Rd6 25. Nd4 Na6 26. Qb2 Rf6 27. Rbc1 Rc8 28. Bc6 1-0

[Event "FICGS rapid A 000261 email"]
[Site "FICGS email"]
[Date "2020.09.16"]
[Round "1"]
[White "Kuliy, Oleksandr"]
[Black "Gossmann, Ewald J"]
[Result "1-0"]
[WhiteElo "2025"]
[BlackElo "1973"]
[PlyCount "53"]
[EventDate "2020.??.??"]
[EventType "tourn (rapid)"]
[EventRounds "6"]
[SourceTitle "Corr 2022"]
[Source "ChessBase"]
[SourceDate "2021.10.24"]
[SourceVersion "1"]
[SourceVersionDate "2021.10.24"]
[SourceQuality "1"]

1. e4 e5 2. Nf3 Nf6 3. Nxe5 d6 4. Nf3 Nxe4 5. Nc3 Nxc3 6. dxc3 Be7 7. Be3 0-0 8. Qd2 Nd7 9. 0-0-0 Ne5 10. Nxe5 dxe5 11. Bd3 Be6 12. Qe2 Bd6 13. Kb1 Qd7 14. f3 f5 15. b3 Kh8 16. Bc1 Qe7 17. g4 e4 18. fxe4 fxg4 19. e5 Bc5 20. Qe4 Bf5 21. Qxb7 Bxd3 22. Rxd3 Qxe5 23. Qg2 Rad8 24. Rxd8 Rxd8 25. Qxg4 Re8 26. Rd1 Bd6 27. Rg1 1-0

[Event "FICGS rapid A 000259 email"]
[Site "FICGS email"]
[Date "2020.08.22"]
[Round "1"]
[White "Gossmann, Ewald J"]
[Black "Cabrera Trujillo, Claudio Tomas"]
[Result "1-0"]
[WhiteElo "1965"]
[BlackElo "1929"]
[PlyCount "125"]
[EventDate "2020.??.??"]
[EventType "tourn (rapid)"]
[EventRounds "6"]
[SourceTitle "Corr 2022"]
[Source "ChessBase"]
[SourceDate "2021.10.24"]
[SourceVersion "1"]
[SourceVersionDate "2021.10.24"]
[SourceQuality "1"]

1. e4 e5 2. Nf3 Nc6 3. Bb5 Nf6 4. d3 d6 5. c3 Bd7 6. 0-0 g6 7. Re1 Bg7 8. Nbd2 a6 9. Ba4 b5 10. Bc2 0-0 11. Nf1 Nh5 12. Bg5 Qe8 13. Ne3 h6 14. Bh4 Rc8 15. d4 exd4 16. cxd4 g5 17. Bg3 g4 18. d5 Nb4 19. Nh4 Nxg3 20. hxg3 Nxc2 21. Qxc2 Qe5 22. Rab1 c6 23. dxc6 Rxc6 24. Qd3 Re8 25. Nef5 Rc4 26. Qd1 Bxf5 27. Nxf5 h5 28. b3 Rc5 29. Rc1 Bf8 30. b4 Rc4 31. Rxc4 bxc4 32. Qc1 Re6 33. a4 c3 34. b5 axb5 35. axb5 Qf6 36. Ne3 Bg7 37. b6 Re8 38. Qa1 h4 39. gxh4 g3 40. fxg3 Qd4 41. Kh2 Qxb6 42. Nf5 Qc5 43. Rf1 Re6 44. Rf3 Qe5 45. Nxg7 Kxg7 46. Qxc3 Qxc3 47. Rxc3 Rxe4 48. Rd3 Re6 49. g4 Re4 50. Kg3 Re6 51. g5 Kg6 52. Kf4 f6 53. Rd5 fxg5+ 54. Rxg5+ Kf6 55. Rf5+ Kg6 56. h5+ Kh6 57. g4 Kh7 58. g5 Re7 59. Rd5 Rd7 60. Kf5 Rd8 61. Ke6 Kg8 62. Rxd6 Re8+ 63. Kf5 1-0

[Event "FICGS rapid A 000259 email"]
[Site "FICGS email"]
[Date "2020.08.22"]
[Round "1"]
[White "Gossmann, Ewald J"]
[Black "Kuliy, Oleksandr"]
[Result "1/2-1/2"]
[WhiteElo "1965"]
[BlackElo "2043"]
[PlyCount "33"]
[EventDate "2020.??.??"]
[EventType "tourn (rapid)"]
[EventRounds "6"]
[SourceTitle "Corr 2022"]
[Source "ChessBase"]
[SourceDate "2021.10.24"]
[SourceVersion "1"]
[SourceVersionDate "2021.10.24"]
[SourceQuality "1"]

1. e4 e5 2. Nf3 Nc6 3. d4 exd4 4. Nxd4 Nf6 5. Nxc6 bxc6 6. e5 Qe7 7. Qe2 Nd5 8. c4 Nb6 9. b3 Qe6 10. Bb2 Bb4+ 11. Nd2 0-0 12. 0-0-0 Qe7 13. Kb1 Ba3 14. Bc3 Bb4 15. Bb2 Ba3 16. Bc3 Bb4 17. Bb2 1/2-1/2

[Event "FICGS rapid A 000258 email"]
[Site "FICGS email"]
[Date "2020.07.24"]
[Round "1"]
[White "Gossmann, Ewald J"]
[Black "Kuliy, Oleksandr"]
[Result "1/2-1/2"]
[WhiteElo "1965"]
[BlackElo "2043"]
[PlyCount "76"]
[EventDate "2020.??.??"]
[EventType "tourn (rapid)"]
[EventRounds "6"]
[SourceTitle "Corr 2022"]
[Source "ChessBase"]
[SourceDate "2021.10.24"]
[SourceVersion "1"]
[SourceVersionDate "2021.10.24"]
[SourceQuality "1"]

1. d4 d5 2. c4 e6 3. Nc3 Nf6 4. Nf3 Be7 5. Bf4 0-0 6. e3 b6 7. cxd5 Nxd5 8. Nxd5 Qxd5 9. a3 c5 10. dxc5 Qxc5 11. Rc1 Qa5+ 12. Qd2 Qxd2+ 13. Nxd2 Na6 14. Bb5 Bb7 15. f3 g5 16. Be5 Rfd8 17. Bd4 Rac8 18. Ke2 h5 19. Rxc8 Rxc8 20. e4 Nb8 21. b4 Nc6 22. Bb2 e5 23. Bc4 Kg7 24. b5 Na5 25. Bd3 Rc5 26. a4 Bc8 27. Nf1 Nb3 28. Ne3 Be6 29. Nf5+ Bxf5 30. exf5 Kf6 31. h4 Bd6 32. hxg5+ Kxg5 33. g3 Rc8 34. Rd1 Nd4+ 35. Ke3 Rd8 36. Bxd4 exd4+ 37. Kf2 Re8 38. Be4 Bc5 1/2-1/2

[Event "FICGS class C 000327 email"]
[Site "FICGS email"]
[Date "2020.07.07"]
[Round "1"]
[White "Eser, Ipekyilmaz"]
[Black "Gossmann, Ewald J"]
[Result "0-1"]
[WhiteElo "1797"]
[BlackElo "1965"]
[PlyCount "100"]
[EventDate "2020.??.??"]
[EventType "tourn (corr)"]
[EventRounds "1"]
[SourceTitle "Corr 2022"]
[Source "ChessBase"]
[SourceDate "2021.10.24"]
[SourceVersion "1"]
[SourceVersionDate "2021.10.24"]
[SourceQuality "1"]

1. a3 e5 2. g3 d5 3. Bg2 Nf6 4. d3 c5 5. c3 Be7 6. Qc2 Nc6 7. a4 Be6 8. Na3 0-0 9. h3 h6 10. h4 Qd7 11. h5 Rad8 12. f3 c4 13. g4 cxd3 14. exd3 d4 15. Ne2 dxc3 16. bxc3 Nd5 17. Bd2 Nb6 18. Ng3 Qxd3 19. Ne4 Qd7 20. g5 hxg5 21. h6 g6 22. h7+ Kh8 23. Bc1 Nd5 24. Qf2 Ndb4 25. Kf1 Nd3 26. Qc2 Nxc1 27. Qxc1 g4 28. Qe3 f5 29. Nc5 Bxc5 30. Qxc5 Qd3+ 31. Kg1 f4 32. Rh4 gxf3 33. Bf1 f2+ 34. Qxf2 Qxc3 35. Re1 Qxa3 36. Bg2 Qc3 37. Kh1 f3 38. Bf1 Rd2 39. Re2 Rd1 40. Rhe4 Rf5 41. Re1 Rh5+ 42. Rh4 Rxe1 43. Rxh5 gxh5 44. Kh2 Qc1 45. Qxf3 Rxf1 46. Kg2 Rxf3 47. Kxf3 Qe1 48. Kg2 Bd5+ 49. Kh2 h4 50. a5 Qg3# 0-1

[Event "FICGS class C 000327 email"]
[Site "FICGS email"]
[Date "2020.07.07"]
[Round "1"]
[White "Gossmann, Ewald J"]
[Black "Wyborn, Graham"]
[Result "0-1"]
[WhiteElo "1965"]
[BlackElo "2059"]
[PlyCount "98"]
[EventDate "2020.??.??"]
[EventType "tourn (corr)"]
[EventRounds "1"]
[SourceTitle "Corr 2022"]
[Source "ChessBase"]
[SourceDate "2021.10.24"]
[SourceVersion "1"]
[SourceVersionDate "2021.10.24"]
[SourceQuality "1"]

1. e4 c5 2. Nf3 Nc6 3. d4 cxd4 4. Nxd4 e5 5. Nb5 d6 6. N1c3 a6 7. Na3 h6 8. Be3 Nf6 9. Nc4 Be6 10. Nb6 Rb8 11. f3 Be7 12. Qd2 Nh5 13. 0-0-0 Bg5 14. Nbd5 b5 15. g4 Nf6 16. Bxg5 hxg5 17. Qxg5 Kf8 18. Nxf6 Nd4 19. Rd3 Bc4 20. Rd1 gxf6 21. Qe3 Qc7 22. Rxd4 exd4 23. Qxd4 Bxf1 24. Qxf6 Rh3 25. Nd5 Qd8 26. Rxf1 Qxf6 27. Nxf6 Ke7 28. Nd5+ Kd7 29. Rf2 Rbh8 30. Nf6+ Kc6 31. Nh5 d5 32. e5 Kc5 33. c3 d4 34. Kc2 a5 35. a3 a4 36. Kd3 dxc3 37. Kxc3 Rh4 38. Rd2 Rh3 39. Rf2 Rh4 40. Rc2 Rd8 41. Re2 Rd1 42. Ng3 Rh8 43. Kc2 Rd4 44. Ne4+ Kc6 45. Kb1 Rd1+ 46. Ka2 Rf8 47. Rc2+ Kb6 48. h4 Rfd8 49. Rc5 Re1 0-1

[Event "FICGS rapid A 000257 email"]
[Site "FICGS email"]
[Date "2020.06.29"]
[Round "1"]
[White "Faust, Dieter"]
[Black "Gossmann, Ewald J"]
[Result "1-0"]
[WhiteElo "1949"]
[BlackElo "1969"]
[PlyCount "59"]
[EventDate "2020.??.??"]
[EventType "tourn (rapid)"]
[EventRounds "6"]
[SourceTitle "Corr 2022"]
[Source "ChessBase"]
[SourceDate "2021.10.24"]
[SourceVersion "1"]
[SourceVersionDate "2021.10.24"]
[SourceQuality "1"]

1. e4 e5 2. Nf3 Nc6 3. Bb5 a6 4. Ba4 Nf6 5. 0-0 Be7 6. Re1 b5 7. Bb3 0-0 8. c3 d6 9. h3 Na5 10. Bc2 c5 11. d4 Qc7 12. Nbd2 cxd4 13. cxd4 Bd7 14. Nf1 Rac8 15. Ne3 Nc6 16. d5 Nb4 17. Bb1 a5 18. a3 Na6 19. b4 axb4 20. axb4 Qb7 21. Bd2 Nc7 22. Qe2 Na8 23. Bd3 Nb6 24. Bxb5 Bxb5 25. Qxb5 Nxe4 26. Nf5 Nxd2 27. Nxd2 Rb8 28. Ne4 Rfd8 29. Rec1 Bf8 30. Rc6 1-0

[Event "FICGS rapid A 000257 email"]
[Site "FICGS email"]
[Date "2020.06.29"]
[Round "1"]
[White "Gossmann, Ewald J"]
[Black "Kuliy, Oleksandr"]
[Result "1/2-1/2"]
[WhiteElo "1969"]
[BlackElo "2003"]
[PlyCount "44"]
[EventDate "2020.??.??"]
[EventType "tourn (rapid)"]
[EventRounds "6"]
[SourceTitle "Corr 2022"]
[Source "ChessBase"]
[SourceDate "2021.10.24"]
[SourceVersion "1"]
[SourceVersionDate "2021.10.24"]
[SourceQuality "1"]

1. e4 e6 2. d4 d5 3. Nd2 Be7 4. Ngf3 Nf6 5. e5 Nfd7 6. Bd3 c5 7. c3 Nc6 8. 0-0 g5 9. dxc5 g4 10. Nd4 Ndxe5 11. Nxc6 bxc6 12. Nb3 Nxd3 13. Qxd3 e5 14. Bh6 f6 15. Bg7 e4 16. Qg3 Rg8 17. Bh6 f5 18. Rfd1 Rg6 19. Bf4 Ba6 20. Be3 Qb8 21. Bf4 Qd8 22. Be3 Qb8 1/2-1/2

[Event "FICGS rapid A 000257 email"]
[Site "FICGS email"]
[Date "2020.06.29"]
[Round "1"]
[White "Gossmann, Ewald J"]
[Black "Spagnoli, Vincenzo"]
[Result "1/2-1/2"]
[WhiteElo "1969"]
[BlackElo "2000"]
[PlyCount "112"]
[EventDate "2020.??.??"]
[EventType "tourn (rapid)"]
[EventRounds "6"]
[SourceTitle "Corr 2022"]
[Source "ChessBase"]
[SourceDate "2021.10.24"]
[SourceVersion "1"]
[SourceVersionDate "2021.10.24"]
[SourceQuality "1"]

1. e4 Nf6 2. e5 Nd5 3. d4 d6 4. Nf3 Bg4 5. Be2 e6 6. c4 Nb6 7. 0-0 Be7 8. Nc3 0-0 9. h3 Bxf3 10. Bxf3 Nc6 11. Bxc6 bxc6 12. b3 dxe5 13. dxe5 Qxd1 14. Rxd1 a5 15. Be3 a4 16. Bxb6 cxb6 17. Nxa4 b5 18. cxb5 cxb5 19. Nc3 b4 20. Na4 Ra7 21. Rac1 h5 22. g3 h4 23. gxh4 Bxh4 24. Kg2 Be7 25. Rc6 Kh7 26. Rd2 g5 27. Rdc2 Re8 28. Nb6 Kg6 29. Nd5 Bf8 30. Rb6 Rea8 31. Nxb4 Bxb4 32. Rxb4 Rxa2 33. Rc3 Re2 34. Rb5 Ra7 35. b4 Rd7 36. Rf3 Rc7 37. Rf6+ Kg7 38. Rf3 Re1 39. Rg3 Kh6 40. Rb3 Rcc1 41. Rb8 Rxe5 42. b5 Rcc5 43. b6 Rb5 44. Rxb5 Rxb5 45. Kf3 Kg7 46. Ke3 f5 47. Kd3 e5 48. Kc4 Rb2 49. f3 e4 50. fxe4 g4 51. hxg4 fxg4 52. e5 g3 53. Rd8 g2 54. Rd1 Rxb6 55. Rg1 Rg6 56. Kd3 Kf7 1/2-1/2

[Event "FICGS class C 000282 email"]
[Site "FICGS email"]
[Date "2020.06.08"]
[Round "1"]
[White "Gossmann, Ewald J"]
[Black "Knittel, Martin"]
[Result "0-1"]
[WhiteElo "1969"]
[BlackElo "1798"]
[PlyCount "76"]
[EventDate "2020.??.??"]
[EventType "tourn (corr)"]
[EventRounds "4"]
[SourceTitle "Corr 2022"]
[Source "ChessBase"]
[SourceDate "2021.10.24"]
[SourceVersion "1"]
[SourceVersionDate "2021.10.24"]
[SourceQuality "1"]

1. e4 e5 2. Nf3 Nc6 3. Bb5 Nf6 4. d3 Bc5 5. Bxc6 dxc6 6. 0-0 Bd6 7. Qe2 Qe7 8. Nbd2 Be6 9. b3 Nd7 10. a4 a5 11. Nc4 Bxc4 12. dxc4 g6 13. c3 c5 14. Bh6 Rg8 15. h4 f6 16. Qd3 g5 17. Qe3 g4 18. Nh2 f5 19. Bg5 f4 20. Qe2 Qe6 21. Nxg4 Rg6 22. Rfd1 Be7 23. f3 Bxg5 24. hxg5 Rxg5 25. Qf2 h5 26. Nh2 0-0-0 27. Qh4 Rdg8 28. Ra2 Kb8 29. Rd3 Qg6 30. Rdd2 Nf6 31. Rac2 b6 32. Kf1 Kb7 33. Ke1 Ng4 34. fxg4 hxg4 35. Nf1 g3 36. Qh3 Rf8 37. Qd7 f3 38. Qd5+ Ka7 0-1

[Event "FICGS class C 000282 email"]
[Site "FICGS email"]
[Date "2020.06.08"]
[Round "1"]
[White "Roberts, Neil"]
[Black "Gossmann, Ewald J"]
[Result "0-1"]
[WhiteElo "1894"]
[BlackElo "1969"]
[PlyCount "44"]
[EventDate "2020.??.??"]
[EventType "tourn (corr)"]
[EventRounds "4"]
[SourceTitle "Corr 2022"]
[Source "ChessBase"]
[SourceDate "2021.10.24"]
[SourceVersion "1"]
[SourceVersionDate "2021.10.24"]
[SourceQuality "1"]

1. d4 d6 2. e4 Nf6 3. Nc3 g6 4. f4 Bg7 5. Nf3 0-0 6. Bd3 Na6 7. 0-0 c5 8. d5 Bg4 9. Bc4 Nc7 10. h3 Bxf3 11. Qxf3 a6 12. a4 Rb8 13. a5 Nd7 14. Na4 e6 15. dxe6 fxe6 16. Qb3 Nf6 17. Bd3 Kh8 18. Bd2 d5 19. exd5 Ncxd5 20. Nxc5 Qd6 21. Qa3 Nh5 22. Ne4 Qxa3 0-1